书目信息 |
| 题名: |
金属切削机床
|
|
| 作者: | ;北京机床研究所 编 | |
| 分册: | ||
| 出版信息: | 北京 机械工业出版社 1974 |
|
| 页数: | 241页 | |
| 开本: | 20cm | |
| 丛书名: | 机械工业知识丛书 | |
| 单 册: | ||
| 中图分类: | TG5 | |
| 科图分类: | ||
| 主题词: | 金属切削 , 机床 , 金属加工--机具 | |
| 电子资源: | ||
| ISBN: | ||
| 000 | 00689nam0 2200241 450 | |
| 001 | 0638952732 | |
| 005 | 20060429105155.00 | |
| 010 | @dCNY0.68 | |
| 100 | @a20060429d1974 km y0chiy0120 ea | |
| 101 | 0 | @achi |
| 102 | @aCN@b110000 | |
| 200 | 1 | @a金属切削机床@Ajin shu qie xue ji chuang@f北京机床研究所编@Fbei jing ji chuang yan jiu suo bian |
| 210 | @a北京@c机械工业出版社@d1974 | |
| 215 | 1 | @a241页@d20cm |
| 225 | 2 | @a机械工业知识丛书 |
| 410 | 0 | @12001 @a机械工业知识丛书 |
| 606 | 0 | @a金属切削 |
| 606 | 0 | @a机床 |
| 606 | 0 | @a金属加工@x机具 |
| 690 | @aTG5@v4 | |
| 711 | 0 | @a北京机床研究所@Abei jing ji chuang yan jiu suo@4编 |
| 801 | 0 | @aCN@bPFT@c20060429 |
| 905 | @a10447@dTG5@e5 | |
| 金属切削机床/北京机床研究所编.-北京:机械工业出版社,1974 |
| 241页;20cm.-(机械工业知识丛书) |
| ISBN :CNY0.68 |
| ● |
| 相关链接 |
|
|
|
|
正题名:金属切削机床
索取号:TG5/5
 
预约/预借
| 序号 | 登录号 | 条形码 | 馆藏地/架位号 | 状态 | 备注 |
| 1 | 0013354 | 202303792 | 密集书库/ [索取号:TG5/5] | 在馆 |